[Event "13th Boris Kostic mem"]
[Site "Vrsac"]
[EventDate "1989.09.27"]
[Date "1989.09.27"]
[Round "1"]
[White "Miralles, Gilles"]
[Black "Damljanovic, Branko"]
[Result "0-1"]
[WhiteElo "2445"]
[BlackElo "2555"]
[PlyCount "104"]
[Source "Perpetual Check"]

1. c4 g6 2. Nc3 Bg7 3. g3 Nf6 4. Bg2 O-O 5. Nf3 d5 6. cxd5 Nxd5 7. O-O Nc6 8.
d4 Nb6 9. Bf4 Bg4 10. d5 Na5 11. Ne5 Bf5 12. e4 Bc8 13. Nd3 c6 14. Rc1 e6 15.
dxe6 Bxe6 16. Nc5 Qc8 17. b3 Bh3 18. e5 Bxg2 19. Kxg2 Rd8 20. Qe1 Nd5 21. Nxd5
Rxd5 22. e6 b6 23. exf7+ Kxf7 24. Ne4 Qd7 25. Qe2 h6 26. b4 Nb7 27. Qc4 g5 28.
Be3 Re8 29. Nc3 Bxc3 30. Rxc3 Re6 31. f4 Rf6 32. Bd4 Nd6 33. Qb3 Rff5 34. g4
Rxf4 35. Rxf4+ gxf4 36. h3 Qe6 37. Bf2 Qe4+ 38. Rf3 h5 39. gxh5 Ke7 40. Qc3
Rg5+ 41. Kh2 Rxh5 42. Qg7+ Ke6 43. Qg4+ Rf5 44. a3 Nf7 45. Re3 Qxe3 46. Bxe3
fxe3 47. Qc4+ Ke7 48. Qxc6 Re5 49. Qc7+ Kf8 50. Qc8+ Re8 51. Qc3 e2 52. Qe1 Re4
0-1

[Event "13th Boris Kostic mem"]
[Site "Vrsac"]
[EventDate "1989.09.27"]
[Date "1989.09.27"]
[Round "1"]
[White "Cvitan, Ognjen"]
[Black "Davies, Nigel"]
[Result "1-0"]
[WhiteElo "2515"]
[BlackElo "2465"]
[PlyCount "59"]
[Source "Perpetual Check"]

1. d4 d6 2. Nf3 Bg4 3. e4 Nf6 4. h3 Bh5 5. Nc3 e6 6. Bg5 Be7 7. Qe2 Nc6 8. g4
Bg6 9. d5 exd5 10. exd5 Ne5 11. Nxe5 dxe5 12. O-O-O Nd7 13. Bxe7 Qxe7 14. h4 h6
15. Nb5 Qc5 16. Rh3 O-O 17. Rc3 Qb6 18. Nxc7 Rad8 19. Bg2 Qf6 20. h5 Bh7 21. d6
b6 22. Nd5 Qxd6 23. Rc6 Qb8 24. g5 hxg5 25. Qg4 Rfe8 26. Qxg5 f6 27. Qg4 Kh8
28. Rc7 Re7 29. Nxe7 Qxc7 30. Ng6+ 1-0

[Event "13th Boris Kostic mem"]
[Site "Vrsac"]
[EventDate "1989.09.27"]
[Date "1989.09.27"]
[Round "1"]
[White "Popovic, Petar"]
[Black "Romanishin, Oleg"]
[Result "1/2-1/2"]
[WhiteElo "2550"]
[BlackElo "2515"]
[PlyCount "68"]
[Source "Perpetual Check"]

1. e4 e5 2. Nf3 Nc6 3. Bb5 a6 4. Ba4 Nf6 5. O-O Be7 6. Re1 b5 7. Bb3 d6 8. c3
O-O 9. h3 Na5 10. Bc2 c5 11. d4 Bb7 12. d5 Nc4 13. a4 Nb6 14. b4 cxb4 15. cxb4
Nxa4 16. Bxa4 bxa4 17. Qxa4 Bc8 18. Na3 Bd7 19. Qb3 Rc8 20. Nd2 Qc7 21. Ndc4
Rb8 22. Bd2 Rfc8 23. Rac1 Qd8 24. Qd3 Nh5 25. Rb1 g6 26. Na5 Bg5 27. Kh2 Bxd2
28. Qxd2 Nf4 29. Re3 Rc7 30. N5c4 Qe7 31. Rf3 Be8 32. g3 Nh5 33. Rc3 Rbc8 34.
Rbc1 Nf6 1/2-1/2

[Event "13th Boris Kostic mem"]
[Site "Vrsac"]
[EventDate "1989.09.27"]
[Date "1989.09.27"]
[Round "1"]
[White "Lalic, Bogdan"]
[Black "Cabrilo, Goran"]
[Result "1/2-1/2"]
[WhiteElo "2500"]
[BlackElo "2510"]
[PlyCount "22"]
[Source "Perpetual Check"]

1. d4 Nf6 2. c4 g6 3. Nf3 Bg7 4. g3 c5 5. d5 d6 6. Bg2 O-O 7. O-O Na6 8. Nc3
Nc7 9. a4 Rb8 10. h3 b6 11. e4 Nd7 1/2-1/2

[Event "13th Boris Kostic mem"]
[Site "Vrsac"]
[EventDate "1989.09.27"]
[Date "1989.09.27"]
[Round "1"]
[White "Ivanovic, Bozidar"]
[Black "Vasiukov, Evgeny"]
[Result "1/2-1/2"]
[WhiteElo "2545"]
[BlackElo "2515"]
[PlyCount "98"]
[Source "Perpetual Check"]

1. e4 c5 2. Nf3 e6 3. d4 cxd4 4. Nxd4 a6 5. Nc3 Qc7 6. Be2 Nf6 7. O-O Nc6 8.
Kh1 Be7 9. f4 d6 10. Be3 O-O 11. Qe1 Na5 12. Rd1 Nc4 13. Bc1 b5 14. b3 Nb6 15.
a3 Bb7 16. Bf3 Rac8 17. Bb2 g6 18. Qg3 Nbd7 19. Rd2 Nc5 20. Re1 Rfd8 21. Rdd1
Rd7 22. Re2 Qd8 23. b4 Na4 24. Nxa4 bxa4 25. e5 dxe5 26. fxe5 Nd5 27. Be4 Bg5
28. Qf3 Qe7 29. g3 Rdc7 30. Rd3 Bh6 31. b5 Bg7 32. h4 axb5 33. Nxb5 Rxc2 34.
Nd6 Rxe2 35. Qxe2 Rb8 36. Rf3 Rf8 37. Kg2 Ba8 38. h5 Qg5 39. hxg6 hxg6 40. Nc4
Rb8 41. Nd6 Rf8 42. Qf2 Qe7 43. Kh2 Bc6 44. Qc2 Qd7 45. Bd4 Bh6 46. Bc5 Bg7 47.
Bd4 Bh6 48. Bc5 Bg7 49. Bd4 Bh6 1/2-1/2

[Event "13th Boris Kostic mem"]
[Site "Vrsac"]
[EventDate "1989.09.27"]
[Date "1989.09.28"]
[Round "2"]
[White "Damljanovic, Branko"]
[Black "Vasiukov, Evgeny"]
[Result "0-1"]
[WhiteElo "2555"]
[BlackElo "2515"]
[PlyCount "72"]
[Source "Perpetual Check"]

1. Nf3 f5 2. g3 Nf6 3. Bg2 g6 4. O-O Bg7 5. c4 O-O 6. d4 d6 7. Nc3 Na6 8. Rb1
c6 9. d5 Qe8 10. b3 Bd7 11. Bb2 Rc8 12. Nd4 Qf7 13. e3 Nc5 14. Nde2 g5 15. f4
Qh5 16. Nd4 Qh6 17. Nf3 gxf4 18. exf4 Ng4 19. Re1 Rfe8 20. b4 Bxc3 21. Bxc3 Ne4
22. Ba1 cxd5 23. cxd5 Rc4 24. Bf1 Rcc8 25. Qd4 a6 26. Rbc1 Ngf6 27. Bb2 Bb5 28.
Bg2 Qh5 29. Nd2 Rxc1 30. Rxc1 Qe2 31. Nxe4 fxe4 32. Bf1 Qh5 33. Bg2 Bd3 34. Re1
Rc8 35. h3 Rc2 36. g4 Qh4 0-1

[Event "13th Boris Kostic mem"]
[Site "Vrsac"]
[EventDate "1989.09.27"]
[Date "1989.09.28"]
[Round "2"]
[White "Kapelan, Milorad"]
[Black "Ivanovic, Bozidar"]
[Result "0-1"]
[WhiteElo "2295"]
[BlackElo "2545"]
[PlyCount "74"]
[Source "Perpetual Check"]

1. Nf3 Nf6 2. c4 g6 3. g3 Bg7 4. Bg2 O-O 5. O-O d6 6. d4 c6 7. Nc3 Bf5 8. Re1
Ne4 9. Qb3 Nxc3 10. bxc3 Bc8 11. e4 Nd7 12. Rb1 c5 13. Be3 Qc7 14. h3 Nb6 15.
Nd2 Be6 16. a4 Rab8 17. a5 Nxc4 18. Nxc4 cxd4 19. cxd4 Bxc4 20. Rec1 Rfc8 21.
Qa4 b5 22. axb6 axb6 23. Bf1 b5 24. Qb4 Qd8 25. Ra1 Bxf1 26. Kxf1 Qd7 27. Kg2
Qb7 28. f3 d5 29. e5 e6 30. Rxc8+ Rxc8 31. Qa5 Bf8 32. Qa7 Qxa7 33. Rxa7 Rb8
34. Kf2 b4 35. Ke2 b3 36. Ra1 b2 37. Rb1 Ba3 0-1

[Event "13th Boris Kostic mem"]
[Site "Vrsac"]
[EventDate "1989.09.27"]
[Date "1989.09.28"]
[Round "2"]
[White "Romanishin, Oleg"]
[Black "Lalic, Bogdan"]
[Result "1/2-1/2"]
[WhiteElo "2515"]
[BlackElo "2500"]
[PlyCount "90"]
[Source "Perpetual Check"]

1. d4 Nf6 2. Nf3 g6 3. c4 Bg7 4. g3 O-O 5. Bg2 c6 6. Nc3 d5 7. Qb3 dxc4 8. Qxc4
Na6 9. O-O Be6 10. Qa4 Nd5 11. Rd1 Qc8 12. Ng5 Nb6 13. Qc2 Bf5 14. e4 Bg4 15.
f3 Bd7 16. f4 Bg4 17. Nf3 f5 18. Qb3+ Kh8 19. e5 e6 20. Be3 Nc7 21. Rdc1 Bxf3
22. Bxf3 Qd7 23. Bf2 Rab8 24. a4 Rfc8 25. a5 Nbd5 26. Na4 Bf8 27. Qc4 a6 28.
Rd1 Rd8 29. Rd3 Qf7 30. Nc5 Nb5 31. Rf1 Rbc8 32. Be2 Bxc5 33. dxc5 Rf8 34. Be1
Qe7 35. g4 g5 36. fxg5 Qxg5 37. Bd2 Qg7 38. Rg3 Qxe5 39. gxf5 Nd4 40. Bd1 Nxf5
41. Re1 Qxb2 42. Bc1 Qf6 43. Rg2 Rg8 44. Bg4 h5 45. h3 Qf7 1/2-1/2

[Event "13th Boris Kostic mem"]
[Site "Vrsac"]
[EventDate "1989.09.27"]
[Date "1989.09.28"]
[Round "2"]
[White "Davies, Nigel"]
[Black "Popovic, Petar"]
[Result "1/2-1/2"]
[WhiteElo "2465"]
[BlackElo "2550"]
[PlyCount "49"]
[Source "Perpetual Check"]

1. d4 Nf6 2. Nf3 g6 3. c4 Bg7 4. g3 O-O 5. Bg2 d5 6. cxd5 Nxd5 7. O-O Nb6 8.
Nc3 Na6 9. Bf4 c5 10. dxc5 Nxc5 11. Qc1 Bd7 12. Bh6 Bc6 13. Bxg7 Kxg7 14. Qe3
Ncd7 15. Rfd1 Qe8 16. Ne5 Bxg2 17. Kxg2 Nf6 18. a4 Rd8 19. a5 Rxd1 20. Rxd1 Na4
21. Qxa7 Nxc3 22. bxc3 Qb5 23. Qe3 Re8 24. Nf3 e6 25. Nd4 1/2-1/2

[Event "13th Boris Kostic mem"]
[Site "Vrsac"]
[EventDate "1989.09.27"]
[Date "1989.09.28"]
[Round "2"]
[White "Miralles, Gilles"]
[Black "Cvitan, Ognjen"]
[Result "1/2-1/2"]
[WhiteElo "2445"]
[BlackElo "2515"]
[PlyCount "81"]
[Source "Perpetual Check"]

1. c4 g6 2. Nc3 Bg7 3. g3 Nf6 4. Bg2 O-O 5. Nf3 d6 6. O-O e5 7. d3 Nc6 8. Rb1
a5 9. a3 Nd4 10. Nxd4 exd4 11. Nb5 Ne8 12. e3 dxe3 13. Bxe3 c6 14. Nd4 Nf6 15.
h3 a4 16. Ne2 d5 17. Nf4 dxc4 18. dxc4 Bf5 19. Rc1 Re8 20. Re1 g5 21. Ne2 Qxd1
22. Rcxd1 h6 23. Nd4 Bg6 24. g4 Ne4 25. Nf5 Bxf5 26. gxf5 Bxb2 27. Rb1 Bxa3 28.
Rxb7 Bd6 29. Bd4 Nc5 30. Rxe8+ Rxe8 31. Ra7 Re1+ 32. Bf1 Nb3 33. Ra8+ Bf8 34.
Bc3 Rc1 35. Bb2 Rb1 36. Ba3 c5 37. Kg2 Re1 38. Bd3 f6 39. Bb2 Kf7 40. Rxa4 Nd4
41. Ra7+ 1/2-1/2

[Event "13th Boris Kostic mem"]
[Site "Vrsac"]
[EventDate "1989.09.27"]
[Date "1989.09.29"]
[Round "3"]
[White "Popovic, Petar"]
[Black "Miralles, Gilles"]
[Result "1-0"]
[WhiteElo "2550"]
[BlackElo "2445"]
[PlyCount "57"]
[Source "Perpetual Check"]

1. e4 c5 2. Nf3 d6 3. d4 cxd4 4. Nxd4 Nf6 5. Nc3 Nc6 6. g3 Bg4 7. f3 Bd7 8. Be3
e6 9. g4 Nxd4 10. Qxd4 Bc6 11. O-O-O a6 12. g5 Nd7 13. h4 b5 14. Kb1 Rb8 15.
Bg2 Ne5 16. b3 b4 17. Ne2 Bb5 18. Ng3 Qc7 19. Bc1 Rc8 20. Qd2 h5 21. Bb2 Ng6
22. Bf1 d5 23. Bxb5+ axb5 24. exd5 Rd8 25. Qe2 Qxg3 26. Qxb5+ Ke7 27. dxe6 Rd6
28. Qb7+ Kxe6 29. Rde1+ 1-0

[Event "13th Boris Kostic mem"]
[Site "Vrsac"]
[EventDate "1989.09.27"]
[Date "1989.09.29"]
[Round "3"]
[White "Lalic, Bogdan"]
[Black "Davies, Nigel"]
[Result "1/2-1/2"]
[WhiteElo "2500"]
[BlackElo "2465"]
[PlyCount "28"]
[Source "Perpetual Check"]

1. d4 g6 2. Nf3 Bg7 3. g3 c5 4. d5 Nf6 5. Bg2 O-O 6. c4 e6 7. O-O exd5 8. cxd5
d6 9. Nc3 Re8 10. Bf4 Na6 11. Re1 Ne4 12. Nxe4 Rxe4 13. Nd2 Rxf4 14. gxf4 Bxb2
1/2-1/2

[Event "13th Boris Kostic mem"]
[Site "Vrsac"]
[EventDate "1989.09.27"]
[Date "1989.09.29"]
[Round "3"]
[White "Ivanovic, Bozidar"]
[Black "Cabrilo, Goran"]
[Result "1-0"]
[WhiteElo "2545"]
[BlackElo "2510"]
[PlyCount "51"]
[Source "Perpetual Check"]

1. e4 e6 2. d4 d5 3. Nc3 Nf6 4. Bg5 dxe4 5. Nxe4 Be7 6. Bxf6 gxf6 7. Nf3 b6 8.
Bb5+ c6 9. Bc4 Bb7 10. Qe2 Qc7 11. O-O Nd7 12. Rfe1 O-O-O 13. a4 Rhg8 14. Ba6
f5 15. Bxb7+ Qxb7 16. Ned2 Rg7 17. a5 b5 18. a6 Qc7 19. c4 b4 20. Kh1 Rdg8 21.
g3 Rg6 22. c5 f4 23. Ra4 fxg3 24. fxg3 Rh6 25. Nf1 Qb8 26. Qd2 1-0

[Event "13th Boris Kostic mem"]
[Site "Vrsac"]
[EventDate "1989.09.27"]
[Date "1989.09.30"]
[Round "4"]
[White "Cabrilo, Goran"]
[Black "Vasiukov, Evgeny"]
[Result "1/2-1/2"]
[WhiteElo "2510"]
[BlackElo "2515"]
[PlyCount "60"]
[Source "Perpetual Check"]

1. e4 c5 2. Nf3 e6 3. d4 cxd4 4. Nxd4 a6 5. Bd3 Nf6 6. O-O d6 7. c4 Be7 8. Nc3
O-O 9. Qe2 Nbd7 10. f4 Qc7 11. Kh1 g6 12. Nf3 Nc5 13. Bc2 b6 14. e5 Nh5 15. f5
exf5 16. Nd5 Qb7 17. Bh6 Be6 18. Nxe7+ Qxe7 19. exd6 Qxd6 20. Rad1 Qc7 21. Bxf8
Rxf8 22. Ng5 Bc8 23. b4 Ne6 24. Nxe6 Bxe6 25. Bxf5 Bxf5 26. Rxf5 gxf5 27. Qxh5
Qxc4 28. Qg5+ Kh8 29. Qf6+ Kg8 30. Qg5+ Kh8 1/2-1/2

[Event "13th Boris Kostic mem"]
[Site "Vrsac"]
[EventDate "1989.09.27"]
[Date "1989.09.30"]
[Round "4"]
[White "Romanishin, Oleg"]
[Black "Ivanovic, Bozidar"]
[Result "1/2-1/2"]
[WhiteElo "2515"]
[BlackElo "2545"]
[PlyCount "51"]
[Source "Perpetual Check"]

1. d4 Nf6 2. Nf3 e6 3. g3 Be7 4. Bg2 O-O 5. c4 d5 6. Qc2 Na6 7. O-O c5 8. dxc5
Bxc5 9. Bg5 h6 10. Bxf6 Qxf6 11. Nc3 dxc4 12. Rfd1 Qe7 13. Rac1 Rb8 14. Nb5 Bd7
15. Qxc4 Rfc8 16. Qb3 Nb4 17. Nc3 Bc6 18. a3 Bxf3 19. Bxf3 Nc6 20. e3 Ne5 21.
Bg2 b5 22. Ne4 Nc4 23. Bf1 Qb7 24. Nxc5 Rxc5 25. Qb4 Rbc8 26. Bxc4 1/2-1/2

[Event "13th Boris Kostic mem"]
[Site "Vrsac"]
[EventDate "1989.09.27"]
[Date "1989.09.30"]
[Round "4"]
[White "Miralles, Gilles"]
[Black "Lalic, Bogdan"]
[Result "1/2-1/2"]
[WhiteElo "2445"]
[BlackElo "2500"]
[PlyCount "46"]
[Source "Perpetual Check"]

1. c4 Nf6 2. Nf3 e6 3. g3 d5 4. Bg2 Be7 5. O-O O-O 6. d4 dxc4 7. Qc2 a6 8. Qxc4
b5 9. Qc2 Bb7 10. Bg5 Nbd7 11. Bxf6 Nxf6 12. Nbd2 Rc8 13. Nb3 Be4 14. Qd1 Nd5
15. Qd2 c5 16. Nxc5 Bxc5 17. dxc5 Rxc5 18. Rfc1 Rxc1+ 19. Rxc1 Qa8 20. Qd4 Nf6
21. Ne1 Bxg2 22. Nxg2 Rc8 23. Rxc8+ Qxc8 1/2-1/2

[Event "13th Boris Kostic mem"]
[Site "Vrsac"]
[EventDate "1989.09.27"]
[Date "1989.10.01"]
[Round "5"]
[White "Popovic, Petar"]
[Black "Damljanovic, Branko"]
[Result "1/2-1/2"]
[WhiteElo "2550"]
[BlackElo "2555"]
[PlyCount "68"]
[Source "Perpetual Check"]

1. e4 c5 2. Nf3 Nc6 3. d4 cxd4 4. Nxd4 Nf6 5. Nc3 d6 6. Bg5 e6 7. Qd2 a6 8.
O-O-O Bd7 9. f4 b5 10. Bxf6 gxf6 11. Nxc6 Bxc6 12. Qe1 Be7 13. Bd3 Qb6 14. Kb1
Qc5 15. Qg3 Kf8 16. f5 b4 17. Ne2 e5 18. Qf3 a5 19. b3 a4 20. Bc4 h5 21. h4
axb3 22. Bxb3 Bd8 23. Rd2 Bb6 24. Rhd1 Rd8 25. Ng3 Ke7 26. Nf1 Qa5 27. Ne3 Bxe3
28. Qxe3 Qc5 29. Qf3 Rh7 30. Re2 Rhh8 31. Re3 Rde8 32. Red3 Rd8 33. c3 Rd7 34.
Rc1 Bb7 1/2-1/2

[Event "13th Boris Kostic mem"]
[Site "Vrsac"]
[EventDate "1989.09.27"]
[Date "1989.10.01"]
[Round "5"]
[White "Lalic, Bogdan"]
[Black "Cvitan, Ognjen"]
[Result "1/2-1/2"]
[WhiteElo "2500"]
[BlackElo "2515"]
[PlyCount "32"]
[Source "Perpetual Check"]

1. d4 Nf6 2. c4 g6 3. Nf3 Bg7 4. Nc3 O-O 5. e4 d6 6. Be2 e5 7. Be3 Ng4 8. Bg5
f6 9. Bh4 g5 10. Bg3 Nh6 11. dxe5 dxe5 12. Qxd8 Rxd8 13. Nd5 Na6 14. h4 g4 15.
Nh2 Be6 16. O-O-O c6 1/2-1/2

[Event "13th Boris Kostic mem"]
[Site "Vrsac"]
[EventDate "1989.09.27"]
[Date "1989.10.01"]
[Round "5"]
[White "Ivanovic, Bozidar"]
[Black "Davies, Nigel"]
[Result "1/2-1/2"]
[WhiteElo "2545"]
[BlackElo "2465"]
[PlyCount "58"]
[Source "Perpetual Check"]

1. e4 c5 2. Nf3 g6 3. d4 Bg7 4. Nc3 cxd4 5. Nxd4 Nc6 6. Be3 Nf6 7. Bc4 Qa5 8.
O-O O-O 9. h3 d6 10. Bb3 Bd7 11. f4 Nxd4 12. Bxd4 Bc6 13. Nd5 Rae8 14. Qe1 Qxe1
15. Raxe1 Nxd5 16. Bxg7 Kxg7 17. exd5 Bd7 18. Rf3 e5 19. dxe6 Bxe6 20. Rfe3 Rc8
21. Bxe6 fxe6 22. c3 Rxf4 23. Rxe6 Rc6 24. Re7+ Rf7 25. Rxf7+ Kxf7 26. Kf2 Ra6
27. a3 Rb6 28. Re2 Rb5 29. g4 Rd5 1/2-1/2

[Event "13th Boris Kostic mem"]
[Site "Vrsac"]
[EventDate "1989.09.27"]
[Date "1989.10.01"]
[Round "5"]
[White "Vasiukov, Evgeny"]
[Black "Romanishin, Oleg"]
[Result "1/2-1/2"]
[WhiteElo "2515"]
[BlackElo "2515"]
[PlyCount "121"]
[Source "Perpetual Check"]

1. e4 e5 2. Nf3 Nc6 3. Bb5 a6 4. Ba4 Nf6 5. O-O Be7 6. Re1 b5 7. Bb3 d6 8. c3
O-O 9. h3 Na5 10. Bc2 c5 11. d4 Bb7 12. d5 Nc4 13. b3 Nb6 14. Nbd2 g6 15. Nf1
Nh5 16. Bh6 Re8 17. Qd2 Bf8 18. Ng3 Nf4 19. Bg5 Be7 20. Bxf4 exf4 21. Qxf4 Bf6
22. Qd2 a5 23. Rac1 b4 24. c4 Nd7 25. Rf1 Bc8 26. Kh1 Bg7 27. Rcd1 a4 28. Qc1
axb3 29. axb3 Ra2 30. Bb1 Ra3 31. Rd3 Qf6 32. Bc2 Qb2 33. Qxb2 Bxb2 34. Rdd1
Bg7 35. Kg1 Ra2 36. Bd3 Ra3 37. Rb1 h5 38. Rfe1 Kf8 39. Re2 Bc3 40. Rc2 Bb7 41.
Rcc1 Rea8 42. Kf1 Ra2 43. Rc2 R2a3 44. Ke2 Bg7 45. Kd1 Bh6 46. Re2 Bf4 47. Nf1
Bc8 48. Bc2 Ra2 49. N1d2 Ke7 50. Ne1 Ne5 51. Ndf3 Nxf3 52. Nxf3 Bd7 53. e5 Re8
54. e6 fxe6 55. Bxg6 Rea8 56. dxe6 Rxe2 57. Kxe2 Bxe6 58. Be4 Ra2+ 59. Kf1 Kf6
60. h4 Bg4 61. g3 1/2-1/2

[Event "13th Boris Kostic mem"]
[Site "Vrsac"]
[EventDate "1989.09.27"]
[Date "1989.10.01"]
[Round "5"]
[White "Kapelan, Milorad"]
[Black "Cabrilo, Goran"]
[Result "0-1"]
[WhiteElo "2295"]
[BlackElo "2510"]
[PlyCount "117"]
[Source "Perpetual Check"]

1. Nf3 d6 2. d4 Nf6 3. g3 c6 4. Bg2 Nbd7 5. O-O e5 6. dxe5 dxe5 7. c4 Be7 8.
Nc3 O-O 9. Qc2 Qc7 10. b3 Re8 11. Bb2 Bf8 12. e4 a5 13. h3 Nc5 14. Rad1 Nfd7
15. Ne1 a4 16. Nd3 axb3 17. axb3 Nxd3 18. Rxd3 Nc5 19. Re3 Qb6 20. Ne2 f6 21.
Rb1 Ne6 22. b4 Qxb4 23. Bxe5 Qa4 24. Qxa4 Rxa4 25. Bb8 Rxc4 26. Rc3 Ra4 27. Nf4
Nc5 28. f3 f5 29. Rbc1 Na6 30. Ba7 Nc7 31. Bb6 Nb5 32. Rd3 Ra6 33. Bc5 fxe4 34.
fxe4 Bxc5+ 35. Rxc5 Ra1+ 36. Kh2 Ra2 37. e5 Nc7 38. g4 Rf8 39. Rc4 Ne6 40. Nh5
Rff2 41. Rg3 Rfe2 42. Kh1 Re1+ 43. Kh2 Rxe5 44. h4 Bd7 45. Rd3 b5 46. Rcc3 Be8
47. Kg3 Bxh5 48. Bxc6 Bg6 49. Rf3 h5 50. gxh5 Bxh5 51. Rfe3 Rxe3+ 52. Rxe3 Re2
53. Ra3 Nd4 54. Bd5+ Kh7 55. Ra8 Nf5+ 56. Kf4 Nxh4 57. Rb8 Ng6+ 58. Kg3 Rb2 59.
Be4 0-1

[Event "13th Boris Kostic mem"]
[Site "Vrsac"]
[EventDate "1989.09.27"]
[Date "1989.10.03"]
[Round "6"]
[White "Romanishin, Oleg"]
[Black "Kapelan, Milorad"]
[Result "1-0"]
[WhiteElo "2515"]
[BlackElo "2295"]
[PlyCount "67"]
[Source "Perpetual Check"]

1. d4 d5 2. c4 e6 3. Nf3 Be7 4. Nc3 Nf6 5. Bg5 h6 6. Bh4 O-O 7. e3 b6 8. Bd3
Bb7 9. O-O Nbd7 10. Bg3 c5 11. Rc1 Nh5 12. cxd5 Nxg3 13. hxg3 exd5 14. dxc5
Nxc5 15. Bb1 Rc8 16. Bf5 Ra8 17. Nd4 g6 18. Bb1 Qd6 19. Qf3 Rfd8 20. Rfd1 Qe5
21. a3 Bf6 22. Ba2 Ne4 23. Qe2 Rac8 24. Nxe4 dxe4 25. Rxc8 Bxc8 26. b4 Bb7 27.
Qc2 Qh5 28. Ne2 Rxd1+ 29. Qxd1 Ba6 30. Qd7 g5 31. g4 Qg6 32. Qe8+ Kh7 33. Bxf7
Qg7 34. Ng3 1-0

[Event "13th Boris Kostic mem"]
[Site "Vrsac"]
[EventDate "1989.09.27"]
[Date "1989.10.03"]
[Round "6"]
[White "Davies, Nigel"]
[Black "Vasiukov, Evgeny"]
[Result "1/2-1/2"]
[WhiteElo "2465"]
[BlackElo "2515"]
[PlyCount "39"]
[Source "Perpetual Check"]

1. d4 f5 2. g3 Nf6 3. Bg2 g6 4. c4 Bg7 5. Nc3 d6 6. Nf3 O-O 7. O-O Na6 8. b3 c6
9. Bb2 Bd7 10. Rc1 Qe8 11. d5 Rc8 12. Nd4 Qf7 13. e3 Nc5 14. Nde2 g5 15. b4
Nce4 16. Nxe4 Nxe4 17. Nd4 c5 18. bxc5 Nxc5 19. f4 Kh8 20. Qd2 1/2-1/2

[Event "13th Boris Kostic mem"]
[Site "Vrsac"]
[EventDate "1989.09.27"]
[Date "1989.10.03"]
[Round "6"]
[White "Miralles, Gilles"]
[Black "Ivanovic, Bozidar"]
[Result "1-0"]
[WhiteElo "2445"]
[BlackElo "2545"]
[PlyCount "155"]
[Source "Perpetual Check"]

1. c4 e6 2. g3 f5 3. Bg2 Nf6 4. Nf3 d5 5. O-O Bd6 6. d3 O-O 7. Nc3 Bc5 8. Qc2
c6 9. Bd2 Nbd7 10. e4 fxe4 11. dxe4 d4 12. Na4 e5 13. Nxe5 Bd6 14. Nxd7 Qxd7
15. Rad1 Qf7 16. Bc1 Be6 17. b3 b5 18. Nb2 Qh5 19. f3 g5 20. Nd3 bxc4 21. bxc4
Nd7 22. c5 Bc7 23. Bb2 Rf6 24. f4 Bg4 25. Rd2 gxf4 26. Nxf4 Bxf4 27. Rxf4 Rh6
28. Qc4+ Be6 29. Qxd4 Qxc5 30. Qxc5 Nxc5 31. Rd6 Rb8 32. Ba3 Rb1+ 33. Rf1 Rxf1+
34. Bxf1 Nxe4 35. Rxc6 Nd2 36. Be2 Rg6 37. Bc1 Ne4 38. Bd3 Bd5 39. Rc8+ Kf7 40.
Rc7+ Kg8 41. Rxa7 h5 42. Re7 Rc6 43. Bf4 Nc3 44. a3 Bc4 45. Bh7+ Kf8 46. Bg5
Rc5 47. Bh4 Bb5 48. Bg6 Rd5 49. Rf7+ Kg8 50. Ra7 Re5 51. Bf6 Re1+ 52. Kg2 Bc6+
53. Kf2 Re2+ 54. Kf1 Bb5 55. Rg7+ Kf8 56. Bxc3 Rc2+ 57. Kg1 Rxc3 58. Rh7 Rxa3
59. Rxh5 Ra1+ 60. Kf2 Ra2+ 61. Ke3 Bc6 62. Rc5 Bd7 63. Bf5 Be8 64. h4 Kg7 65.
Be4 Ra7 66. Kf4 Kh6 67. Re5 Bf7 68. g4 Ra4 69. Re7 Kg7 70. Kg5 Kf8 71. Re5 Ra6
72. Bf5 Bb3 73. Rb5 Bd1 74. Rb7 Kg8 75. h5 Bf3 76. Rc7 Rc6 77. Rd7 Rc8 78. Rd3
1-0

[Event "13th Boris Kostic mem"]
[Site "Vrsac"]
[EventDate "1989.09.27"]
[Date "1989.10.03"]
[Round "6"]
[White "Cvitan, Ognjen"]
[Black "Velimirovic, Dragoljub"]
[Result "1-0"]
[WhiteElo "2515"]
[BlackElo "2535"]
[PlyCount "89"]
[Source "Perpetual Check"]

1. d4 c5 2. d5 Nf6 3. c4 g6 4. Nc3 Bg7 5. e4 d6 6. Nf3 O-O 7. h3 e6 8. Bd3 exd5
9. cxd5 b5 10. Bxb5 Nxe4 11. Nxe4 Qa5+ 12. Nfd2 Qxb5 13. Nxd6 Qd7 14. N2c4 Qe7+
15. Be3 Nd7 16. O-O Nb6 17. Re1 Ba6 18. Bxc5 Qc7 19. Nxb6 Qxc5 20. Nxa8 Qxd6
21. Rc1 Bxb2 22. Rc2 Bg7 23. Nc7 Bb7 24. Ne8 Qxd5 25. Qxd5 Bxd5 26. Nxg7 Kxg7
27. Re5 Be6 28. Ra5 Ra8 29. Rc6 h5 30. h4 Kf6 31. f3 Rb8 32. Kh2 Rb2 33. a4 Rd2
34. Kg3 Rd1 35. Rxa7 Ke5 36. Ra5+ Kf6 37. Rb6 Ra1 38. Ra7 Ke5 39. a5 Bc4 40.
Re7+ Kd4 41. Rb4 Kc5 42. Rxc4+ Kxc4 43. Rxf7 Rxa5 44. Rf6 g5 45. Rh6 1-0

[Event "13th Boris Kostic mem"]
[Site "Vrsac"]
[EventDate "1989.09.27"]
[Date "1989.10.03"]
[Round "6"]
[White "Popovic, Petar"]
[Black "Lalic, Bogdan"]
[Result "1/2-1/2"]
[WhiteElo "2550"]
[BlackElo "2500"]
[PlyCount "65"]
[Source "Perpetual Check"]

1. e4 e5 2. Nf3 Nc6 3. Bb5 a6 4. Ba4 Nf6 5. O-O Be7 6. Re1 b5 7. Bb3 d6 8. c3
O-O 9. h3 Nb8 10. d4 Nbd7 11. Nbd2 Bb7 12. Bc2 Re8 13. Nf1 Bf8 14. Ng3 g6 15.
a4 c5 16. d5 c4 17. Bg5 h6 18. Be3 Nc5 19. Kh1 Rb8 20. Qd2 h5 21. Ng5 Bh6 22.
axb5 axb5 23. f4 h4 24. fxe5 Rxe5 25. Nf3 Bxe3 26. Qxe3 Nxd5 27. Qh6 hxg3 28.
Nxe5 dxe5 29. Rad1 Nf4 30. Rxd8+ Rxd8 31. Qg5 Rd2 32. Qxe5 Nce6 33. Bd1 1/2-1/2

[Event "13th Boris Kostic mem"]
[Site "Vrsac"]
[EventDate "1989.09.27"]
[Date "1989.10.04"]
[Round "7"]
[White "Lalic, Bogdan"]
[Black "Damljanovic, Branko"]
[Result "1/2-1/2"]
[WhiteElo "2500"]
[BlackElo "2555"]
[PlyCount "47"]
[Source "Perpetual Check"]

1. d4 g6 2. c4 Bg7 3. Nc3 d6 4. e4 Nf6 5. f3 O-O 6. Be3 b6 7. Bd3 Nfd7 8. Nge2
c5 9. Bc2 a6 10. Ba4 Bb7 11. O-O Nc6 12. Rc1 Rb8 13. b3 cxd4 14. Nxd4 Nxd4 15.
Bxd4 Bh6 16. Rb1 Nc5 17. b4 Nxa4 18. Nxa4 Ba8 19. b5 axb5 20. Rxb5 Bc6 21. Rxb6
Qc7 22. Rxb8 Rxb8 23. Nc3 Qa5 24. Qe2 1/2-1/2

[Event "13th Boris Kostic mem"]
[Site "Vrsac"]
[EventDate "1989.09.27"]
[Date "1989.10.04"]
[Round "7"]
[White "Ivanovic, Bozidar"]
[Black "Cvitan, Ognjen"]
[Result "1/2-1/2"]
[WhiteElo "2545"]
[BlackElo "2515"]
[PlyCount "68"]
[Source "Perpetual Check"]

1. e4 c5 2. Nf3 e6 3. d4 cxd4 4. Nxd4 a6 5. Nc3 d6 6. Be2 Nf6 7. f4 Be7 8. O-O
O-O 9. Kh1 Qc7 10. Qe1 b5 11. a3 Bb7 12. Bf3 Nbd7 13. b3 Rac8 14. Bb2 Rfe8 15.
Qg3 Nc5 16. Rae1 e5 17. fxe5 dxe5 18. Nf5 Bf8 19. Nd5 Nxd5 20. exd5 f6 21. b4
Nd7 22. Bh5 Bxd5 23. Bxe8 Rxe8 24. Rd1 Be6 25. Ne3 Qc6 26. Rd2 Be7 27. h4 Qe4
28. h5 Nb6 29. Rdf2 Nc4 30. Nxc4 Bxc4 31. Rd1 Be6 32. Rdf1 Bc4 33. Rg1 Be6 34.
Bc1 Rc8 1/2-1/2